Les 5 régions Françaises avec le plus de sites inscrits à l'UNESCO - Statistiques

Statistiques générales
  • Ce quiz a été pris 74 fois
  • Le résultat moyen est 4 sur 5
Statistiques - réponses
Nombre de sites Région % Correct
8 Provence-Alpes-Côte d'Azur
94%
9 Grand-Est
92%
8 Nouvelle-Aquitaine
92%
10 Occitanie
84%
9 Bourgogne-France-Comté
74%
Aucun quiz correspondant
Distribution des résultats
% des personnes avec chaque résultat
Percentile par nombre de réponses
Votre historique - résultats
Vous n’avez pas pris ce quiz